000 02179nam0a2200385 4500
001 RU\NLR\bibl\1369530
005 20260407202210.0
021 _aRU
_b2009-18430
_91094
035 _a(nilc)RSL-KNO-004260902
035 _a(NLR Aleph) 001361665
090 _a985092
_c985092
100 _a20090311d2008 |||y0rusy50 ca
101 0 _arus
102 _aRU
105 _ay |||||||||
200 1 _aСоциальная политика
_eхрестоматия
_fФедеральное агентство по образованию, Гос. образовательное учреждение высш. проф. образования "Самарский гос. ун-т", Каф. социологии социальной сферы и демографии
_gсост. Н. П. Щукина
210 _aСамара
_cСамарский ун-т
_d2008
215 _a201 с.
_d21
320 _aБиблиогр. в конце ст. и в подстроч. прим.
606 1 _aСоциальная политика
_jХрестоматии для высших учебных заведений
_91347566
_3RU\NLR\auth\66562469
610 2 _aСоциология -- Социальные институты -- Социология вопросов образа жизни, быта и потребления. Социальное благосостояние -- Хрестоматия для высшей школы
610 2 _aсоциальная политика
686 _aС555.47я73-3
_2rubbk
686 _aС550.511я73-3
686 _aС550.47я73-3
702 1 _4220
_7ca
_8rus
_aЩукина
_bН. П.
_cд-р социол. наук, канд. ист. наук
_gНина Петровна
_3RU\NLR\AUTH\774372
_9114353
712 0 2 _4570
_aСамарский государственный университет
_bКафедра социологии социальной сферы и демографии
_3RU\NLR\AUTH\8810133505
_9763197
801 0 _aRU
_bРГБ
_c20090311
_grcr
801 1 _aRU
_bРГБ
_c20090311
801 2 _aRU
_bNLR
_c20090518
_grcr
830 _aсост. по эк
942 _cBOOK
980 _aNB